[Event "Hessen-ch Seniors"]
[Site "Marburg"]
[Date "2006.04.14"]
[Round "8.6"]
[White "Weber, Siegfried1"]
[Black "Christ, Anton"]
[Result "1/2-1/2"]
[WhiteElo "1758"]
[BlackElo "1664"]
[PlyCount "112"]
[EventDate "2006.04.08"]
[EventType "swiss"]
[EventRounds "9"]
[EventCountry "GER"]
[SourceTitle "EXT 2007"]
[Source "ChessBase"]
[SourceDate "2006.11.23"]
[SourceVersion "1"]
[SourceVersionDate "2006.11.23"]
[SourceQuality "1"]

1. e4 e5 2. Nf3 d5 3. Nxe5 dxe4 4. Nc4 Bc5 5. Nc3 Nf6 6. Be2 Nc6 7. a3 a6 8. 0-0 b5 9. Ne3 Nd4 10. d3 Nxe2+ 11. Nxe2 exd3 12. cxd3 0-0 13. d4 Bd6 14. Nc3 Bb7 15. Nf5 Re8 16. Bg5 Bf8 17. Qd2 Qd7 18. Ng3 Nd5 19. Rae1 f6 20. Rxe8 Rxe8 21. Be3 Nxc3 22. Qxc3 Qd5 23. f3 f5 24. Bf2 Bd6 25. Re1 Rxe1+ 26. Qxe1 Kf7 27. Qc3 g5 28. Qd3 Kg6 29. Be1 c5 30. Bc3 g4 31. Kf2 h5 32. Qe3 Bc6 33. Ne2 gxf3 34. gxf3 Bxh2 35. Nf4+ Bxf4 36. Qxf4 cxd4 37. Bxd4 h4 38. Be3 Kf7 39. Bd4 h3 40. Qc7+ Ke6 41. Qc8+ Qd7 42. Qg8+ Kd6 43. Qh8 Kc7 44. Be5+ Kb6 45. Bf4 Qd3 46. Be3+ Ka5 47. Qxh3 Qc2+ 48. Kg3 Qe2 49. Kf4 Ka4 50. Qg3 Qd3 51. Qf2 Kb3 52. Bd4 Kc4 53. Bc3 Kb3 54. Qe3 Kc4 55. Qxd3+ Kxd3 56. Kxf5 Bxf3 1/2-1/2

[Event "Hessen-ch Seniors"]
[Site "Marburg"]
[Date "2006.04.12"]
[Round "6.6"]
[White "Smits, Oswald"]
[Black "Christ, Anton"]
[Result "1-0"]
[WhiteElo "1905"]
[BlackElo "1664"]
[PlyCount "104"]
[EventDate "2006.04.08"]
[EventType "swiss"]
[EventRounds "9"]
[EventCountry "GER"]
[SourceTitle "EXT 2007"]
[Source "ChessBase"]
[SourceDate "2006.11.23"]
[SourceVersion "1"]
[SourceVersionDate "2006.11.23"]
[SourceQuality "1"]

1. d4 g6 2. c4 d6 3. e4 Bg7 4. Nf3 Bg4 5. Be3 Nc6 6. Be2 Bxf3 7. Bxf3 e5 8. d5 Nd4 9. Qa4+ Qd7 10. Qxd7+ Kxd7 11. Bxd4 exd4 12. Bg4+ Ke7 13. Nd2 c5 14. dxc6 bxc6 15. Rb1 a5 16. 0-0 h5 17. Be2 Bh6 18. Nb3 a4 19. Nxd4 Nf6 20. Bf3 Ra6 21. e5 dxe5 22. Nxc6+ Ke6 23. Rfe1 e4 24. Bxe4 Nxe4 25. Rxe4+ Kf5 26. Re5+ Kf6 27. Rc5 Rc8 28. Nb4 Rxc5 29. Nxa6 Rxc4 30. Kf1 Bf8 31. Nb8 Rc7 32. Rd1 Ke7 33. Na6 Rc2 34. Rd4 a3 35. bxa3 Rxa2 36. a4 Ke6 37. Nc7+ Ke5 38. Rc4 Bd6 39. Nb5 f5 40. f4+ Ke6 41. Rc6 Rd2 42. Rxd6+ Rxd6 43. Nxd6 Kxd6 44. Ke2 h4 45. h3 Kc5 46. Kd3 Kb4 47. Kd4 Kxa4 48. Ke5 Kb4 49. Kf6 Kc4 50. Kxg6 Kd4 51. Kxf5 Ke3 52. Kg5 Ke4 1-0

[Event "Hessen-ch Seniors"]
[Site "Marburg"]
[Date "2006.04.11"]
[Round "5.4"]
[White "Christ, Anton"]
[Black "Bittner, Friedrich"]
[Result "0-1"]
[WhiteElo "1664"]
[BlackElo "2093"]
[PlyCount "78"]
[EventDate "2006.04.08"]
[EventType "swiss"]
[EventRounds "9"]
[EventCountry "GER"]
[SourceTitle "EXT 2007"]
[Source "ChessBase"]
[SourceDate "2006.11.23"]
[SourceVersion "1"]
[SourceVersionDate "2006.11.23"]
[SourceQuality "1"]

1. e4 e5 2. Nc3 Nf6 3. f4 d5 4. fxe5 Nxe4 5. Nxe4 dxe4 6. d4 exd3 7. Bxd3 Be6 8. Be3 Nc6 9. Nf3 Qd5 10. 0-0 Nxe5 11. Nxe5 Qxe5 12. Re1 Bd6 13. g3 0-0 14. Bf2 Qg5 15. Re4 Bc5 16. Qe2 Bxf2+ 17. Qxf2 Bd5 18. Rh4 g6 19. Re1 b6 20. c4 Bc6 21. b4 Rae8 22. Rxe8 Rxe8 23. Qf4 Qe7 24. b5 Bb7 25. Qf2 c5 26. bxc6 Bxc6 27. Rd4 Qe5 28. Bf1 Kg7 29. Bg2 Bxg2 30. Kxg2 Re6 31. Rf4 f6 32. Rd4 Re7 33. Kf1 h5 34. Kg2 Qe6 35. Kg1 Qc6 36. h4 Qe8 37. Qd2 Qc8 38. Rd6 Qxc4 39. Qd4 Re1+ 0-1

[Event "GER Seniors Derby 03rd"]
[Site "Undeloh"]
[Date "2004.04.16"]
[Round "4"]
[White "Flasche Alke, Hartmut"]
[Black "Christ, Anton"]
[Result "0-1"]
[WhiteElo "1257"]
[BlackElo "1714"]
[PlyCount "58"]
[EventDate "2004.04.15"]
[EventType "swiss"]
[EventRounds "7"]
[EventCountry "GER"]
[SourceTitle "EXT 2006"]
[Source "ChessBase"]
[SourceDate "2005.11.24"]
[SourceVersion "1"]
[SourceVersionDate "2005.11.24"]
[SourceQuality "1"]

1. d4 g6 2. c4 Bg7 3. e3 d6 4. Nf3 Nc6 5. Nc3 e5 6. dxe5 Nxe5 7. Be2 Ne7 8. 0-0 0-0 9. Nxe5 dxe5 10. e4 Be6 11. Be3 Nc6 12. Qc1 Nd4 13. Rd1 Nxe2+ 14. Nxe2 Qh4 15. f3 f5 16. Bf2 Qf6 17. Ng3 Qf7 18. b3 h5 19. exf5 gxf5 20. Qg5 e4 21. Qxh5 Qxh5 22. Nxh5 Bxa1 23. Rxa1 exf3 24. Rc1 Rae8 25. Bxa7 b6 26. c5 b5 27. c6 Ra8 28. Bd4 Rxa2 29. b4 fxg2 0-1

[Event "GER Seniors Derby 03rd"]
[Site "Undeloh"]
[Date "2004.04.16"]
[Round "2"]
[White "Jabbusch, Burkhard"]
[Black "Christ, Anton"]
[Result "1-0"]
[WhiteElo "1943"]
[BlackElo "1714"]
[PlyCount "123"]
[EventDate "2004.04.15"]
[EventType "swiss"]
[EventRounds "7"]
[EventCountry "GER"]
[SourceTitle "EXT 2006"]
[Source "ChessBase"]
[SourceDate "2005.11.24"]
[SourceVersion "1"]
[SourceVersionDate "2005.11.24"]
[SourceQuality "1"]

1. e4 e5 2. d3 Bc5 3. Nf3 d6 4. Be2 Nc6 5. c3 Bg4 6. 0-0 Nge7 7. h3 Bh5 8. g4 Bg6 9. d4 exd4 10. cxd4 Bb6 11. Nc3 Qd7 12. Be3 h5 13. Nh2 f6 14. Kg2 d5 15. exd5 Nxd5 16. Bf3 Nxe3+ 17. fxe3 0-0-0 18. Nd5 Rde8 19. Qd2 Be4 20. Nxb6+ axb6 21. Rac1 Qd5 22. a3 hxg4 23. Nxg4 f5 24. Nh2 Re6 25. Bxe4 Qxe4+ 26. Rf3 Rg6+ 27. Kf1 Rxh3 28. Rf2 Rxe3 29. Rg2 Qf4+ 30. Qf2 Rf3 31. Nxf3 Qxc1+ 32. Ne1 Qc4+ 33. Qe2 Qxe2+ 34. Rxe2 Nxd4 35. Re8+ Kd7 36. Rb8 Re6 37. Rxb7 Re2 38. b4 Ra2 39. Ra7 g5 40. Nd3 Nc6 41. Ra8 g4 42. b5 Na5 43. Rf8 Rxa3 44. Ke2 Nc4 45. Rxf5 Ra2+ 46. Ke1 g3 47. Rg5 g2 48. Rg3 Nd6 49. Nf4 Nxb5 50. Nxg2 Nd4 51. Rg4 c5 52. Nf4 Kc6 53. Kd1 Kb5 54. Rg6 Nb3 55. Ke1 Rd2 56. Rg3 Rb2 57. Rg6 Ka5 58. Nd5 b5 59. Rg8 b4 60. Ne3 Nd4 61. Nc4+ Ka4 62. Nxb2+ 1-0